Dilema zahraničnej pomoci v kontexte globalizačného procesu: teoretické úvahy a empirické analýzy dizertačná práca
Guardado en:
| Autor principal: | |
|---|---|
| Autor Corporativo: | |
| Otros Autores: | |
| Formato: | Libro |
| Lenguaje: | eslovaco |
| Publicado: |
Bratislava
2014
|
| Materias: | |
| Etiquetas: |
Sin Etiquetas, Sea el primero en etiquetar este registro!
|
MARC
| LEADER | 00000nbm a2200000 4500 | ||
|---|---|---|---|
| 001 | 0185412 | ||
| 005 | 20240502073158.1 | ||
| 041 | 0 | |a slo | |
| 044 | |a SK | ||
| 245 | 1 | 0 | |a Dilema zahraničnej pomoci v kontexte globalizačného procesu: teoretické úvahy a empirické analýzy |b dizertačná práca |c Klaudia Lindtnerová ; školiteľ: Workie Tiruneh Menbere |
| 264 | 1 | |a Bratislava |c 2014 | |
| 300 | |a 183 s. | ||
| 610 | 2 | 0 | |a pomoc hospodárska |
| 610 | 2 | 0 | |a krajiny rozvojové |
| 610 | 2 | 0 | |a spolupráca medzinárodná |
| 610 | 2 | 0 | |a Slovensko |
| 100 | 1 | |a Lindtnerová, Klaudia | |
| 700 | 1 | |a Workie Tiruneh, Menbere | |
| 710 | 2 | |a Obchodná fakulta EU. Katedra medzinárodného obchodu | |